[Event "GER-chT U12 Girls"]
[Site "Magdeburg"]
[Date "2023.12.27"]
[Round "1.3"]
[White "Roessling, Laura Marie"]
[Black "Oschinski, Mathilda"]
[Result "0-1"]
[WhiteElo "1232"]
[BlackElo "1155"]
[PlyCount "68"]
[EventDate "2023.12.26"]
[EventType "team-swiss"]
[EventRounds "7"]
[EventCountry "GER"]
[SourceTitle "CBM 218 Extra"]
[Source "ChessBase"]
[SourceDate "2024.03.31"]
[SourceVersion "1"]
[SourceVersionDate "2024.03.31"]
[SourceQuality "1"]
[WhiteTeam "Magdeburg Schachzwerge"]
[BlackTeam "Erfurt Empor"]
[WhiteTeamCountry "GER"]
[BlackTeamCountry "GER"]

1. e4 c5 2. Nf3 Nc6 3. d4 cxd4 4. Nxd4 g6 5. Nc3 Bg7 6. Be3 Nf6 7. f3 0-0 8. Qd2 d5 9. 0-0-0 a6 10. Nxc6 bxc6 11. exd5 Bb7 12. dxc6 Qxd2+ 13. Rxd2 Bxc6 14. Bc4 a5 15. Re2 e6 16. Bc5 Rfc8 17. Ba3 Bh6+ 18. Kb1 Rab8 19. Ba6 Rd8 20. Be7 Nd5 21. Nxd5 Rxd5 22. Bd3 Bb5 23. Bxb5 Rdxb5 24. Ba3 Bf8 25. Bxf8 Rxb2+ 26. Ka1 Kxf8 27. Rd1 Kg7 28. Red2 a4 29. c3 a3 30. c4 f5 31. c5 e5 32. c6 e4 33. fxe4 fxe4 34. c7 Rc8 0-1